[Event "GER GM06-B email"]
[Site "GER email"]
[Date "2017.06.26"]
[Round "?"]
[White "Goncharenko, Georgy"]
[Black "Windhausen, Georg"]
[Result "1/2-1/2"]
[WhiteElo "2493"]
[BlackElo "2547"]
[PlyCount "64"]
[EventDate "2017.??.??"]
[EventType "tourn (corr)"]
[EventRounds "13"]
[EventCountry "GER"]
[SourceTitle "Corr 2020"]
[Source "ChessBase"]
[SourceDate "2019.09.30"]
[SourceVersion "1"]
[SourceVersionDate "2019.09.30"]
[SourceQuality "1"]

1. d4 f5 2. g3 Nf6 3. Bg2 g6 4. Nf3 Bg7 5. 0-0 0-0 6. c4 d6 7. Nc3 c6 8. Rb1 a5 9. Qb3 Na6 10. Na4 Ne4 11. c5+ Kh8 12. Ng5 d5 13. Nf3 g5 14. Nxg5 Bxd4 15. Nxe4 fxe4 16. Bh6 Rf6 17. Be3 Bxe3 18. Qxe3 Bf5 19. Nb6 Rb8 20. Qc3 Qf8 21. Qxa5 e5 22. Qc3 Re8 23. b4 Qf7 24. b5 Nc7 25. bxc6 bxc6 26. f4 d4 27. Qb3 Qh5 28. fxe5 Be6 29. exf6 Bxb3 30. Rxb3 Ne6 31. Nd7 Qxe2 32. Rf2 Qe1+ 1/2-1/2

[Event "GER GM06-B email"]
[Site "GER email"]
[Date "2017.06.26"]
[Round "?"]
[White "Pirs, Matjaz"]
[Black "Windhausen, Georg"]
[Result "1/2-1/2"]
[WhiteElo "2523"]
[BlackElo "2547"]
[PlyCount "35"]
[EventDate "2017.??.??"]
[EventType "tourn (corr)"]
[EventRounds "13"]
[EventCountry "GER"]
[SourceTitle "Corr 2020"]
[Source "ChessBase"]
[SourceDate "2019.09.30"]
[SourceVersion "1"]
[SourceVersionDate "2019.09.30"]
[SourceQuality "1"]

1. e4 c5 2. Nc3 Nc6 3. Nf3 g6 4. d4 cxd4 5. Nxd4 Bg7 6. Be3 Nf6 7. Be2 0-0 8. Nb3 d6 9. 0-0 Be6 10. f4 Rc8 11. Qe1 a6 12. Rd1 b5 13. e5 Nd7 14. exd6 Re8 15. Bf2 exd6 16. Rxd6 Nb4 17. Qd2 Bf8 18. Nc5 1/2-1/2

[Event "GER GM06-B email"]
[Site "GER email"]
[Date "2017.06.26"]
[Round "?"]
[White "Shpakovsky, Aleksandr Nikolaevi"]
[Black "Windhausen, Georg"]
[Result "1/2-1/2"]
[WhiteElo "2531"]
[BlackElo "2547"]
[PlyCount "37"]
[EventDate "2017.??.??"]
[EventType "tourn (corr)"]
[EventRounds "13"]
[EventCountry "GER"]
[SourceTitle "Corr 2020"]
[Source "ChessBase"]
[SourceDate "2019.09.30"]
[SourceVersion "1"]
[SourceVersionDate "2019.09.30"]
[SourceQuality "1"]

1. d4 f5 2. Bg5 h6 3. Bh4 g5 4. Bg3 Bg7 5. e3 c5 6. c3 Qb6 7. Nf3 Nf6 8. Na3 d6 9. Qc2 0-0 10. 0-0-0 Ne4 11. Nc4 Qc7 12. dxc5 Qxc5 13. Nd4 Na6 14. Nd2 Nxd2 15. Rxd2 Qd5 16. Qa4 Kh8 17. Qb3 Qxb3 18. Nxb3 Be6 19. f3 1/2-1/2

[Event "GER GM06-B email"]
[Site "GER email"]
[Date "2017.06.26"]
[Round "?"]
[White "Windhausen, Georg"]
[Black "Bubir, Alex Nikolaevich"]
[Result "1/2-1/2"]
[WhiteElo "2547"]
[BlackElo "2536"]
[PlyCount "105"]
[EventDate "2017.??.??"]
[EventType "tourn (corr)"]
[EventRounds "13"]
[EventCountry "GER"]
[SourceTitle "Corr 2020"]
[Source "ChessBase"]
[SourceDate "2019.09.30"]
[SourceVersion "1"]
[SourceVersionDate "2019.09.30"]
[SourceQuality "1"]

1. e4 c5 2. Nc3 Nc6 3. Nge2 Nf6 4. d4 cxd4 5. Nxd4 e5 6. Ndb5 d6 7. Bg5 a6 8. Na3 b5 9. Nd5 Be7 10. Bxf6 Bxf6 11. c4 b4 12. Nc2 a5 13. Qf3 Be7 14. Rd1 0-0 15. Be2 Be6 16. 0-0 Bg5 17. g3 Kh8 18. b3 g6 19. h4 Bh6 20. h5 Kg7 21. Qd3 Kh8 22. Nde3 Qc8 23. Bf3 Ra6 24. Qe2 Nd8 25. Bg2 Nb7 26. f4 Nc5 27. Rf2 Bd7 28. Nd5 Qd8 29. Nce3 exf4 30. gxf4 Qh4 31. Bh1 gxh5 32. Rh2 Qg3+ 33. Rg2 Qh4 34. Rf1 Nxe4 35. Rh2 Qg3+ 36. Bg2 Rg8 37. Nd1 f5 38. Qxh5 Rg6 39. N1e3 Nf6 40. Qe2 Nxd5 41. Nxd5 Re6 42. Qd2 Rc6 43. Qd4+ Qg7 44. Qxg7+ Bxg7 45. Rd1 Rc5 46. Kf2 Be8 47. Rh3 Bg6 48. Ne3 Bc3 49. Bd5 Re8 50. Nc2 Bf6 51. Nd4 Bxd4+ 52. Rxd4 a4 53. bxa4 1/2-1/2

[Event "GER GM06-B email"]
[Site "GER email"]
[Date "2017.06.26"]
[Round "?"]
[White "Windhausen, Georg"]
[Black "De Oliveira, Joao Carlos"]
[Result "1/2-1/2"]
[WhiteElo "2547"]
[BlackElo "2573"]
[PlyCount "80"]
[EventDate "2017.??.??"]
[EventType "tourn (corr)"]
[EventRounds "13"]
[EventCountry "GER"]
[SourceTitle "Corr 2020"]
[Source "ChessBase"]
[SourceDate "2019.09.30"]
[SourceVersion "1"]
[SourceVersionDate "2019.09.30"]
[SourceQuality "1"]

1. e4 c5 2. Nc3 d6 3. Nge2 Nf6 4. d4 cxd4 5. Nxd4 a6 6. Bg5 Nbd7 7. Qe2 h6 8. Bh4 g6 9. f4 e5 10. fxe5 dxe5 11. 0-0-0 Qc7 12. Nd5 Nxd5 13. exd5 Bd6 14. Nb3 b5 15. Nd2 0-0 16. g4 Nc5 17. Kb1 Kg7 18. Bf2 f5 19. Bxc5 Bxc5 20. Bg2 Qd6 21. h4 Bd7 22. h5 Bb6 23. Rdf1 Rae8 24. hxg6 fxg4 25. Be4 Rf4 26. Bd3 Rxf1+ 27. Rxf1 Rf8 28. Ne4 Rxf1+ 29. Qxf1 Qxg6 30. Nc5 Qd6 31. Nxd7 Qxd7 32. Qe2 Kg8 33. Qe4 Qg7 34. Qf5 Bd8 35. Qe6+ Kf8 36. Qf5+ Qf6 37. Qxg4 Qh4 38. Qf5+ Qf6 39. Qg4 Qg5 40. Qd1 Bf6 1/2-1/2

[Event "GER GM06-B email"]
[Site "GER email"]
[Date "2017.06.26"]
[Round "?"]
[White "Windhausen, Georg"]
[Black "Staroske, Uwe"]
[Result "1/2-1/2"]
[WhiteElo "2547"]
[BlackElo "2526"]
[PlyCount "81"]
[EventDate "2017.??.??"]
[EventType "tourn (corr)"]
[EventRounds "13"]
[EventCountry "GER"]
[SourceTitle "Corr 2020"]
[Source "ChessBase"]
[SourceDate "2019.09.30"]
[SourceVersion "1"]
[SourceVersionDate "2019.09.30"]
[SourceQuality "1"]

1. d4 f5 2. Bf4 Nf6 3. e3 e6 4. Be2 Be7 5. c4 0-0 6. Nf3 b6 7. Nfd2 Bb7 8. 0-0 c5 9. Nc3 d6 10. h3 Ne8 11. Bf3 Nc6 12. Qa4 Qc8 13. d5 Ne5 14. Bxe5 dxe5 15. e4 Nd6 16. Rad1 exd5 17. cxd5 Ba6 18. Rfe1 Bd3 19. Be2 Bxe2 20. Nxe2 b5 21. Qc2 c4 22. Ng3 f4 23. Nf5 Nxf5 24. exf5 Qxf5 25. Qxf5 Rxf5 26. Ne4 Bb4 27. Rf1 Bf8 28. d6 Rf7 29. Rd5 b4 30. Rb5 Rd7 31. Rxb4 Bxd6 32. Rxc4 Be7 33. Rfc1 a5 34. Kf1 Kf7 35. Ke2 Rb7 36. R1c2 h5 37. f3 Rab8 38. b3 Ra7 39. Nc3 Rb6 40. Nd5 Rd6 41. Nxe7 1/2-1/2

[Event "GER GM06-B email"]
[Site "GER email"]
[Date "2017.06.26"]
[Round "?"]
[White "Windhausen, Georg"]
[Black "Vinchev, Simeon Stefanov"]
[Result "1/2-1/2"]
[WhiteElo "2547"]
[BlackElo "2507"]
[PlyCount "75"]
[EventDate "2017.??.??"]
[EventType "tourn (corr)"]
[EventRounds "13"]
[EventCountry "GER"]
[SourceTitle "Corr 2020"]
[Source "ChessBase"]
[SourceDate "2019.09.30"]
[SourceVersion "1"]
[SourceVersionDate "2019.09.30"]
[SourceQuality "1"]

1. e4 e5 2. Nf3 Nf6 3. Nxe5 d6 4. Nf3 Nxe4 5. Nc3 Nxc3 6. dxc3 Be7 7. Be3 0-0 8. Qd2 Nc6 9. 0-0-0 Ne5 10. Kb1 Be6 11. h4 c6 12. Ng5 Bf5 13. Be2 b5 14. Rhg1 Qc8 15. Rde1 f6 16. Nf3 Nxf3 17. Bxf3 Bg4 18. Bf4 Bxf3 19. Rxe7 Bd5 20. Rge1 Rf7 21. g3 Rxe7 22. Rxe7 Qd8 23. Qe2 Bc4 24. Qe3 a5 25. Rb7 a4 26. Qe7 Qxe7 27. Rxe7 Rd8 28. b3 Bd5 29. Ra7 axb3 30. cxb3 h6 31. Kb2 Kf8 32. Kc1 c5 33. g4 g5 34. Bg3 Be4 35. Kd2 Bf3 36. Ra5 Bxg4 37. Rxb5 Ke7 38. Rb6 1/2-1/2